000 00586nam a22001697a 4500
003 OSt
005 20250624143531.0
008 250624b |||||||| |||| 00| 0 eng d
040 _cAIMIT LIBRARY
100 _aD Cunha , Ancy.
_e222102
_9215915
245 _aImage recognition: medicinal plant classification using deep neural networks /
_cBy Ancy D Cunha.
260 _aMangalore ;
_c2024.
700 _aHemalatha N.
_eMentor
_9215916
700 _aKakunje, G K Bhat.
_eGuide
_9215917
856 _3Kakunje Software Private Limited, Mangalore
_uwww.kakunjesoftware.com
942 _2ddc
_cPRO
999 _c234522
_d234522